Capitals of the World (Redux) Quiz Stats

 Plays Quiz Updated Nov 18, 2014

Challenge
Share
Tweet
Embed
Score 0/197 Timer 15:00
22 Plays Today
% Correct
???
25.1%
???
24.8%
???
24.7%
???
24.3%
???
24.1%
???
24.1%
???
24%
???
23.9%
???
23.8%
???
23.7%
???
23.5%
???
23.5%
???
23.4%
???
23.4%
???
23.3%
???
23.3%
???
23.2%
???
23.2%
???
23.1%
???
22.9%
???
22.9%
???
22.9%
???
22.8%
???
22.8%
???
22.7%
???
22.6%
???
22.4%
???
22.3%
???
22.1%
???
22.1%
???
22%
???
21.9%
???
21.7%
???
21.5%
???
21.5%
???
21.4%
???
21.4%
???
21.3%
???
21.2%
???
20.9%
???
20.7%
???
20.7%
???
20.6%
???
20.6%
???
20.5%
???
20.5%
???
20.5%
???
20.4%
???
20.2%
???
20.2%
???
20.2%
???
20.1%
???
20%
???
20%
???
20%
???
19.8%
???
19.8%
???
19.8%
???
19.6%
???
19.6%
???
19.6%
???
19.6%
???
19.6%
???
19.4%
???
19.4%
???
19.3%
% Correct
???
19.2%
???
19.2%
???
19.2%
???
19.1%
???
19.1%
???
18.9%
???
18.9%
???
18.8%
???
18.8%
???
18.8%
???
18.6%
???
18.6%
???
18.6%
???
18.6%
???
18.6%
???
18.4%
???
18.3%
???
18.3%
???
18.2%
???
18.2%
???
18.1%
???
17.8%
???
17.8%
???
17.7%
???
17.6%
???
17.6%
???
17.4%
???
17.3%
???
17.3%
???
17.2%
???
17.2%
???
17%
???
17%
???
17%
???
16.9%
???
16.9%
???
16.8%
???
16.6%
???
16.5%
???
16.5%
???
16.4%
???
16.3%
???
16.2%
???
16.1%
???
16%
???
15.9%
???
15.9%
???
15.6%
???
15.5%
???
15.5%
???
15.5%
???
15.5%
???
15.4%
???
15.2%
???
15.1%
???
14.9%
???
14.9%
???
14.9%
???
14.8%
???
14.7%
???
14.7%
???
14.6%
???
14.6%
???
14.4%
???
14.3%
???
14.3%
% Correct
???
14.3%
???
14.1%
???
14.1%
???
14%
???
14%
???
14%
???
14%
???
13.9%
???
14%
???
13.7%
???
13.6%
???
13.5%
???
13.5%
???
13.5%
???
13.3%
???
13.2%
???
13.2%
???
13.2%
???
13.2%
???
13.1%
???
13%
???
13%
???
12.9%
???
12.8%
???
12.8%
???
12.7%
???
12.7%
???
12.7%
???
12.6%
???
12.6%
???
12.6%
???
12.5%
???
12.4%
???
12.3%
???
12.3%
???
12.2%
???
12.2%
???
12.1%
???
12.1%
???
12%
???
11.9%
???
11.9%
???
11.8%
???
11.8%
???
11.8%
???
11.7%
???
11.7%
???
11.5%
???
11.5%
???
11.5%
???
11.4%
???
11.4%
???
11.4%
???
11.4%
???
11.4%
???
11.2%
???
10.7%
???
10.5%
???
10.4%
???
10.3%
???
9.6%
???
9.6%
???
9.3%
???
9%
???
9%

You're not logged in!

Compare scores with friends on all Sporcle quizzes.
OR
Log In

You Might Also Like...

Show Comments

Extras

Top Quizzes Today


Score Distribution

Your Account Isn't Verified!

In order to create a playlist on Sporcle, you need to verify the email address you used during registration. Go to your Sporcle Settings to finish the process.

Report this User

Report this user for behavior that violates our Community Guidelines.

Details: